| Tag |
First Indicator |
Second Indicator |
Subfields |
| LEADER |
00000cam a2200000 a 4500 |
| 001 |
in00000086861 |
| 005 |
20151008062813.0 |
| 008 |
800703s1980 xx b 00000 eng d |
| 035 |
|
|
|a (OCoLC)06481634
|
| 035 |
|
|
|9 AAK0967AM
|
| 040 |
|
|
|a NJK
|c NJK
|d m.c.
|d OCL
|d TXA
|d UtOrBLW
|
| 043 |
|
|
|a n-us---
|
| 049 |
|
|
|a TXAM
|c [1655507]
|
| 090 |
|
|
|a LB1715
|b I5
|
| 245 |
0 |
0 |
|a In service of youth :
|b new roles in the governance of teacher education /
|c [Diana Allen and others].
|
| 264 |
|
1 |
|a [Place of publication not identified] :
|b The Association of Teacher Educators,
|c 1980.
|
| 300 |
|
|
|a xii, 131 pages ;
|c 23 cm.
|
| 336 |
|
|
|a text
|b txt
|2 rdacontent
|
| 337 |
|
|
|a unmediated
|b n
|2 rdamedia
|
| 338 |
|
|
|a volume
|b nc
|2 rdacarrier
|
| 500 |
|
|
|a "The youth advocacy projects of teacher corps."
|
| 504 |
|
|
|a Includes bibliographies.
|
| 650 |
|
0 |
|a Teachers
|x Training of.
|
| 650 |
|
0 |
|a Youth
|z United States.
|
| 700 |
1 |
|
|a Allen, Diana.
|
| 710 |
2 |
|
|a Association of Teacher Educators.
|
| 999 |
|
|
|a MARS
|
| 999 |
f |
f |
|s d3658252-b8fb-3132-9cdd-4ca6ff64e5a6
|i ca4f3e95-a0eb-32fb-90d4-009984867719
|t 0
|
| 952 |
f |
f |
|p normal
|a Texas A&M University
|b College Station
|c Sterling C. Evans Library
|d Evans: Library Stacks
|t 0
|e LB1715 I5
|h Library of Congress classification
|i unmediated -- volume
|m A14805981923
|
| 998 |
f |
f |
|a LB1715 I5
|t 0
|l Evans: Library Stacks
|